LEADER 00880nam a2200229 i 4500 001 000000117028 003 CaOOAMICUS 005 20260113125738.0 008 030708s1984 it u000 u ita u 013 $a89717 040 $aSeMil$bita 100 1 $aCalabria, Giovanni,$c.$0(OLS)http://semarc/name/17787 245 10$aDon Calabria :$bparole vive. 260 $aVerona :$bCongregazione Poveri Servi della Divina Provvidenza,$cstampa 1984. 300 $a383 p. ;$c19 cm. 850 $aSeMil 852 $aSeMil$W1$xVenegono$y1$m3H I 32$j72428$B72428$CSeMilBibl$Z2$F90371 $81 941 1 $a4 961 $aOmaggio: Martini Card. Carlo Maria 996 $6245$aDon Calabria :$bparole vive$9(OLS)http://semarc/title/171723 996 $6260$aVerona :$bCongregazione Poveri Servi della Divina Provvidenza$9(OLS)http://semarc/publisher/45618 LEADER 01045nam a2200253 i 4500 001 000000043704 003 CaOOAMICUS 005 20090915000000.0 008 090915s1925 fr u000 u fre u 013 $a14874 040 $aSeMil$bita 100 1 $aSertillanges, Antonin-Dalmace,$c.$0(OLS)http://semarc/name/772 245 10$aTome 1 /$cpar A.-D. Sertillanges. 250 $a4. éd. 260 $aParis :$bLibr. F. Alcan,$c1925. 300 $aVII, 334 p. ;$c22 cm. 490 0 $aLes grands philosophes 600 04$aTommaso : d'Aquino .$0(OLS)http://semarc/subject/115 773 0 $aSertillanges, Antonin-Dalmace $tS. Thomas d'Aquin.$b4. éd.$dParis : Libr. F. Alcan, 1925$w()22011 830 4$aLes grands philosophes.$0(OLS)http://semarc/title/29245 850 $aSeMil 852 $aSeMil$W1$xVenegono$y1$m2B III 67$j9859$B9859$CSeMilBibl$Z2$F9859 $81 996 $6245$aTome 1$9(OLS)http://semarc/title/63803 996 $6260$aParis :$bLibr. F. Alcan$9(OLS)http://semarc/publisher/40482